000 01059cam a22003255i 4500
999 _c26001
_d25973
001 015640172
003 EG-ScBUE
005 20201128024225.0
008 100827t20112011nyua f b 001 0 eng d
020 _a9780071221580
020 _a0071221581
040 _aStDuBDS
_beng
_erda
_cStDuBDS
_dUk
_dEG-ScBUE
_dEG-ScBUE
082 0 4 _a808.0427
_bLAN
_222
100 1 _aLangan, John,
_d1942-
_eauthor.
_95282
245 1 0 _aCollege writing skills with readings /
_cJohn Langan.
250 _aEighth edition.
264 1 _aNew York :
_bMcGraw-Hill,
_c[2011]
264 4 _cc2011
300 _a1 volume (various pagings) :
_billustrations ;
_c24 cm
336 _atext
_btxt
_2rdacontent
337 _aunmediated
_bn
_2rdamedia
338 _avolume
_bnc
_2rdacarrier
504 _aIncludes bibliographical references and index.
650 7 _aEnglish language
_xRhetoric.
_2BUEsh
_97240
650 7 _aEnglish language
_xGrammar.
_2BUEsh
_95501
650 7 _aReport writing.
_2BUEsh
_91126
651 _2BUEsh
653 _bGGEN
_bHHUUEENN
_cJanuary2018
942 _2ddc
_cBB